00622nam a2200193 i 4500001000400000100001700004245004100021260005100062300002900113490002800142651003200170651002900202830002800231020001400259040000800273041000800281008004100289856009800330bgj1 aFALK, Randee10aSpotlight on the USA /cRandee Falk. aNew York :bOxford University Press,cc. 1993. a172 pp :bill. ;c26 cm.1 aOxford American English 9aUnited StatesxCiviliaztion 9aUnited StatesxGeography aOxford American English a019434235 cBPK0 aeng s uk f |000 0 eng  uhttp://koha.tu.koszalin.pl/cgi-bin/koha/opac-detail.pl?biblionumber=47737yKatalog online BPK